[Event "Pan American-ch U20"]
[Site "San Salvador"]
[Date "2015.07.21"]
[Round "9"]
[White "Ruballo, Jose"]
[Black "Rodriguez, Wilfredo"]
[Result "1-0"]
[WhiteElo "1662"]
[BlackElo "1631"]
[PlyCount "47"]
[EventDate "2015.07.16"]
[EventType "swiss"]
[EventRounds "9"]
[EventCountry "ESA"]
[SourceTitle "EXT 2016"]
[Source "ChessBase"]
[SourceDate "2015.10.08"]
[SourceVersion "1"]
[SourceVersionDate "2015.10.08"]
[SourceQuality "1"]

1. e4 e5 2. Nf3 Nc6 3. Bb5 a6 4. Ba4 Nf6 5. 0-0 b5 6. Bb3 Bc5 7. c3 d6 8. d4 Bb6 9. a4 Bb7 10. Bg5 h6 11. Bxf6 Qxf6 12. d5 Ne7 13. axb5 axb5 14. Rxa8+ Bxa8 15. Na3 Ng6 16. Nxb5 Nf4 17. Nd2 Qg5 18. g3 Nh3+ 19. Kg2 h5 20. Kxh3 f5 21. f4 Qg6 22. Qf3 c6 23. Nxd6+ Qxd6 24. fxe5 1-0

[Event "Pan American-ch U20"]
[Site "San Salvador"]
[Date "2015.07.20"]
[Round "7"]
[White "Ruballo, Jose"]
[Black "Johnson, Joshua"]
[Result "0-1"]
[WhiteElo "1662"]
[BlackElo "2211"]
[PlyCount "74"]
[EventDate "2015.07.16"]
[EventType "swiss"]
[EventRounds "9"]
[EventCountry "ESA"]
[SourceTitle "EXT 2016"]
[Source "ChessBase"]
[SourceDate "2015.10.08"]
[SourceVersion "1"]
[SourceVersionDate "2015.10.08"]
[SourceQuality "1"]

1. e4 c5 2. Nf3 d6 3. d4 cxd4 4. Nxd4 Nf6 5. Nc3 g6 6. Be3 Bg7 7. f3 0-0 8. Bc4 Nc6 9. Qd2 Bd7 10. 0-0-0 Rb8 11. h4 b5 12. Bxb5 Nxd4 13. Bxd7 Nxc2 14. Qxc2 Nxd7 15. h5 Bxc3 16. bxc3 Qa5 17. Kd2 Ne5 18. Ke2 Rfc8 19. Rb1 Rb4 20. Bd2 Ra4 21. Ra1 Qb5+ 22. Ke3 d5 23. Rhb1 Qa6 24. Qb3 Ng4+ 25. Kf4 Nf6 26. Qb5 Nxh5+ 27. Ke3 Qxb5 28. Rxb5 dxe4 29. fxe4 Nf6 30. Kf4 Nxe4 31. Ke3 Nxc3 32. Rb2 Nd5+ 33. Ke2 Nf4+ 34. Bxf4 Rxf4 35. Ke3 Ra4 36. Rb7 Rc3+ 37. Kd2 Rca3 0-1

[Event "Pan American-ch U20"]
[Site "San Salvador"]
[Date "2015.07.18"]
[Round "4"]
[White "Ruballo, Jose"]
[Black "Guzman, Oswaldo"]
[Result "1/2-1/2"]
[WhiteElo "1662"]
[BlackElo "2066"]
[PlyCount "91"]
[EventDate "2015.07.16"]
[EventType "swiss"]
[EventRounds "9"]
[EventCountry "ESA"]
[SourceTitle "EXT 2016"]
[Source "ChessBase"]
[SourceDate "2015.10.08"]
[SourceVersion "1"]
[SourceVersionDate "2015.10.08"]
[SourceQuality "1"]

1. e4 c5 2. Nf3 d6 3. d4 cxd4 4. Nxd4 Nf6 5. Nc3 a6 6. Bg5 Nbd7 7. f4 Qc7 8. Qf3 e5 9. Nde2 Be7 10. 0-0-0 b5 11. g4 b4 12. Nd5 Nxd5 13. exd5 Bxg5 14. fxg5 Bb7 15. Bg2 Rc8 16. Rd2 Nb6 17. Ng3 Bxd5 18. Qf2 Bxg2 19. Qxg2 0-0 20. Nf5 d5 21. Qh3 d4 22. Rf1 Nd5 23. Qf3 Nf4 24. h4 d3 25. Qe4 Rb8 26. Kb1 Qa5 27. Ne7+ Kh8 28. Nc6 dxc2+ 29. Rxc2 Qb5 30. Rxf4 exf4 31. Nxb8 Qxb8 32. Rf2 b3 33. Qxf4 bxa2+ 34. Kxa2 Qb6 35. Rc2 Qe6+ 36. Qc4 Qb6 37. Qxf7 Qa5+ 38. Kb1 Qe1+ 39. Ka2 Re8 40. Qf5 Qb4 41. Rc8 Qa4+ 42. Kb1 Qd1+ 43. Ka2 Qa4+ 44. Kb1 Qd1+ 45. Ka2 Qa4+ 46. Kb1 1/2-1/2

[Event "Pan American-ch U20"]
[Site "San Salvador"]
[Date "2015.07.16"]
[Round "1"]
[White "Jimenez Garcia, Emanuel"]
[Black "Ruballo, Jose"]
[Result "1-0"]
[WhiteElo "2210"]
[BlackElo "1662"]
[PlyCount "71"]
[EventDate "2015.07.16"]
[EventType "swiss"]
[EventRounds "9"]
[EventCountry "ESA"]
[SourceTitle "EXT 2016"]
[Source "ChessBase"]
[SourceDate "2015.10.08"]
[SourceVersion "1"]
[SourceVersionDate "2015.10.08"]
[SourceQuality "1"]

1. d4 Nf6 2. c4 e6 3. Nf3 Bb4+ 4. Nbd2 b6 5. a3 Bxd2+ 6. Qxd2 Bb7 7. e3 d6 8. b4 Nbd7 9. Bb2 0-0 10. Be2 Ne4 11. Qc2 f5 12. 0-0 Rf6 13. d5 Rg6 14. Rad1 e5 15. Bd3 c6 16. Ne1 Qg5 17. f4 exf4 18. exf4 Qe7 19. Bxe4 Qxe4 20. Qxe4 fxe4 21. f5 Rh6 22. Bc1 Rf6 23. Bg5 Rf7 24. dxc6 Bxc6 25. Rxd6 Ba4 26. Re6 Raf8 27. g4 Nf6 28. Bxf6 Rxf6 29. Rxe4 g6 30. Re7 Bb3 31. c5 bxc5 32. bxc5 a6 33. Nf3 gxf5 34. Nd4 Bc4 35. Rxf5 Rxf5 36. gxf5 1-0